<?xml version="1.0" encoding="UTF-8"?>
<record
    xmlns:xsi="http://www.w3.org/2001/XMLSchema-instance"
    xsi:schemaLocation="http://www.loc.gov/MARC21/slim http://www.loc.gov/standards/marcxml/schema/MARC21slim.xsd"
    xmlns="http://www.loc.gov/MARC21/slim">

  <leader>00802nam a22002297a 4500</leader>
  <controlfield tag="001">0000002920</controlfield>
  <controlfield tag="003">PPM</controlfield>
  <controlfield tag="005">20260605151725.0</controlfield>
  <controlfield tag="008">260605b           ||||| |||| 00| 0 eng d</controlfield>
  <datafield tag="020" ind1=" " ind2=" ">
    <subfield code="q">Paperback</subfield>
  </datafield>
  <datafield tag="035" ind1=" " ind2=" ">
    <subfield code="a">0000002920</subfield>
  </datafield>
  <datafield tag="040" ind1=" " ind2=" ">
    <subfield code="b">Malay</subfield>
    <subfield code="c">Pusat Penyelidikan Mineral, Jabatan Mineral Dan Geosains Malaysia</subfield>
    <subfield code="d">PPM</subfield>
    <subfield code="e">RDA</subfield>
  </datafield>
  <datafield tag="082" ind1="0" ind2="0">
    <subfield code="2">22</subfield>
    <subfield code="a">658.562 </subfield>
    <subfield code="b">ZAK 1999</subfield>
  </datafield>
  <datafield tag="100" ind1="1" ind2=" ">
    <subfield code="a">Zakaria Ahmad</subfield>
    <subfield code="e">author</subfield>
  </datafield>
  <datafield tag="245" ind1="1" ind2="0">
    <subfield code="a">99 Soal - Jawab KMK (Kumpulan Meningkat Mutu Kerja ) /</subfield>
    <subfield code="c">oleh Zakaria Ahmad</subfield>
  </datafield>
  <datafield tag="260" ind1=" " ind2="1">
    <subfield code="a">Kuala Lumpur :</subfield>
    <subfield code="b">Institut Tadbir Negara Malaysia ,</subfield>
    <subfield code="c">1999</subfield>
  </datafield>
  <datafield tag="300" ind1="0" ind2="0">
    <subfield code="a">vi, 36 pages .:</subfield>
    <subfield code="b">graph, illustrations.;</subfield>
    <subfield code="c">24 cm</subfield>
  </datafield>
  <datafield tag="504" ind1=" " ind2=" ">
    <subfield code="a">Mengandungi rujukan bibliografi (p.: 36)</subfield>
  </datafield>
  <datafield tag="650" ind1="1" ind2="0">
    <subfield code="a">Work measurement </subfield>
    <subfield code="z">Malaysia</subfield>
  </datafield>
  <datafield tag="710" ind1="1" ind2=" ">
    <subfield code="a">Institut Tadbiran Awam Negara</subfield>
  </datafield>
  <datafield tag="942" ind1=" " ind2=" ">
    <subfield code="2">ddc</subfield>
    <subfield code="c">BK</subfield>
  </datafield>
  <datafield tag="999" ind1=" " ind2=" ">
    <subfield code="c">27314</subfield>
    <subfield code="d">27314</subfield>
  </datafield>
  <datafield tag="952" ind1=" " ind2=" ">
    <subfield code="0">0</subfield>
    <subfield code="1">0</subfield>
    <subfield code="2">ddc</subfield>
    <subfield code="4">0</subfield>
    <subfield code="7">0</subfield>
    <subfield code="8">OS</subfield>
    <subfield code="a">JMGPPM</subfield>
    <subfield code="b">JMGPPM</subfield>
    <subfield code="c">OS</subfield>
    <subfield code="d">2026-06-05</subfield>
    <subfield code="l">0</subfield>
    <subfield code="o">658.562 ZAK 1999</subfield>
    <subfield code="r">2026-06-05</subfield>
    <subfield code="w">2026-06-05</subfield>
    <subfield code="y">BK</subfield>
  </datafield>
</record>
